Recycling fibre reinforced polymers in the construction industry (Record no. 103561)

MARC details
000 -LEADER
fixed length control field 01132cam a2200277 4500
008 - FIXED-LENGTH DATA ELEMENTS--GENERAL INFORMATION
fixed length control field 040430n2004 000 0 eng u
020 ## - INTERNATIONAL STANDARD BOOK NUMBER
International Standard Book Number 1860816878
035 ## - SYSTEM CONTROL NUMBER
System control number (Sirsi) u126078
041 ## - LANGUAGE CODE
Language code of text/sound track or separate title eng
100 ## - MAIN ENTRY--PERSONAL NAME
Personal name Conroy, A.
245 ## - TITLE STATEMENT
Title Recycling fibre reinforced polymers in the construction industry
260 ## - PUBLICATION, DISTRIBUTION, ETC.
Place of publication, distribution, etc. Watford
Name of publisher, distributor, etc. BRE
Date of publication, distribution, etc. 2004
300 ## - PHYSICAL DESCRIPTION
Extent 6p.
Dimensions 30cm.
490 ## - SERIES STATEMENT
Series statement BRE Information Paper
Volume/sequential designation IP4/04
520 ## - SUMMARY, ETC.
Summary, etc. This paper reviews fibre reinforced polymer (FRP) recycling initiatives and techniques, materials usage and current practice. Technical, economic and policy issues necessary to improve the future recyclability of FRPs are discussed, and the refurbishment potential and possibility of re-use of FRP components are investigated.
650 ## - SUBJECT ADDED ENTRY--TOPICAL TERM
Topical term or geographic name entry element FIBRE REINFORCED POLYMERS
650 ## - SUBJECT ADDED ENTRY--TOPICAL TERM
Topical term or geographic name entry element RECYCLING
650 ## - SUBJECT ADDED ENTRY--TOPICAL TERM
Topical term or geographic name entry element DIRECTIVE 02/96/EC
650 ## - SUBJECT ADDED ENTRY--TOPICAL TERM
Topical term or geographic name entry element LIFE CYCLE ASSESSMENT
690 ## - LOCAL SUBJECT ADDED ENTRY--TOPICAL TERM (OCLC, RLIN)
Topical term or geographic name as entry element BUILT ENVIRONMENT-BUILDING MATERIALS
700 ## - ADDED ENTRY--PERSONAL NAME
Personal name Halliwell, S.
700 ## - ADDED ENTRY--PERSONAL NAME
Personal name Reynolds, T.
710 ## - ADDED ENTRY--CORPORATE NAME
Corporate name or jurisdiction name as entry element United Kingdom
Subordinate unit Department of Trade and Industry
710 ## - ADDED ENTRY--CORPORATE NAME
Corporate name or jurisdiction name as entry element Building Research Establishment
942 ## - ADDED ENTRY ELEMENTS (KOHA)
Suppress in OPAC 0
Holdings
Withdrawn status Lost status Source of classification or shelving scheme Damaged status Not for loan Home library Current library Shelving location Date acquired Total Checkouts Full call number Barcode Date last seen Copy number Price effective from Koha item type
    Dewey Decimal Classification     London London BRE publications 14/05/2004   ENQUIRY DESK 30069198 06/08/2019 1 06/08/2019 Book